| 000 | 01318nam a22002897a 4500 | ||
|---|---|---|---|
| 001 | BD-DhSAU 9297 | ||
| 003 | BD-DhSAU | ||
| 005 | 20200107152112.0 | ||
| 008 | 150612b2018 bg a||||r|||| 000 0 eng d | ||
| 040 | _aBD-DhSAU | ||
| 082 |
_222 _a630.715 _bIs41 |
||
| 100 |
_a Khairul Islam _eRegistration No. # 12-04830 |
||
| 245 |
_aFarmers` perception on the effectiveness of Information and Communication Technology in receiving agricultural information / _bMS thesis _c Islam , Khairul |
||
| 260 |
_aSher-e- Bangla Agricultural University : _bDepartment of Agricultural Extension and Information System, _c2018 |
||
| 300 |
_aix,72 p. : _bill. , _c30 cm. |
||
| 500 | _aMS thesis of Department of Agricultural Extension and Information System, Faculty of Agriculture, Sher-e-Bangla Agricultural University, Dhaka, Bangladesh | ||
| 504 | _a Include Bibliographical References | ||
| 590 | _aShofi | ||
| 650 | _a Agricultural Extension and Information System | ||
| 650 | _aFarmers` perception | ||
| 650 | _aInformation and Communication Technology | ||
| 650 | _aAgricultural information | ||
| 700 |
_a Ali , Sekender _eSupervisor |
||
| 700 |
_aSetu , Md. Wali Ahad _eCo-Supervisor |
||
| 856 |
_u http://archive.saulibrary.edu.bd:8080/xmlui/handle/123456789/2849 _yOnline Access |
||
| 942 |
_2ddc _cTHESIS |
||
| 999 |
_c14807 _d14806 |
||